000 00389nam a22001337a 4500
040 _cNUST
082 _a200 THE
100 _aWAJEEHA NAFEES
_986905
110 _aDR SYED TAHIR ZAIDI
_986906
245 _aTH-SOF-0854-INTRACARDIAC SIGNAL CLASSIFICATION FOR SVT ARRHYTHMIA DETECTION
260 _aISLAMABAD
_bNUST COLLEGE OF EME
_c2013
650 _a MS-ELECT-67
_986907
942 _2ddc
_cTHE
999 _c587436
_d587436